Medical Ethics and the Learner-Centred Approach: Developing Materials on Organ Transplant and Euthanasia in an English as a Foreign Language Classroom in Higher Education

Náhľad do vývoja materiálov pre výučbu angličtiny, ako cudzieho jazyka pre študentov zdravotníckych odborov a prepojenie teórie a praxe v slovenskom kontexte. Témy z lekárskej etiky, ako je transplantácia orgánov a eutanázia, a to zdôraznením prístupu zameraného na žiaka.

Salvato in:
Dettagli Bibliografici
Autore principale: Jamrichová, Valéria
Altri autori: Zamborová, Katarína, 1988-
Natura: Capitolo di libro
Lingua:inglese
Soggetti:
Tags: Aggiungi Tag
Nessun Tag, puoi essere il primo ad aggiungerne!!

MARC

LEADER 00000naa a2200000 4500
001 0267401
005 20240502083802.0
041 0 |a eng 
044 |a DE 
245 1 0 |a Medical Ethics and the Learner-Centred Approach: Developing Materials on Organ Transplant and Euthanasia in an English as a Foreign Language Classroom in Higher Education  |c Valéria Jamrichová, Katarína Zamborová 
520 |a Náhľad do vývoja materiálov pre výučbu angličtiny, ako cudzieho jazyka pre študentov zdravotníckych odborov a prepojenie teórie a praxe v slovenskom kontexte. Témy z lekárskej etiky, ako je transplantácia orgánov a eutanázia, a to zdôraznením prístupu zameraného na žiaka. 
610 2 0 |a etika 
610 2 0 |a študenti 
610 2 0 |a jazyky cudzie 
610 2 0 |a internet 
610 2 0 |a vzdelávanie 
610 2 0 |a kompetencie komunikačné 
100 1 |a Jamrichová, Valéria 
700 1 |a Zamborová, Katarína, 1988-